000 00428 a2200157 4500
999 _c320913
_d320913
001 85840
003 NUST
005 20180121111349.0
008 180121b xxu||||| |||| 00| 0 eng d
020 _a9780130884237
082 _a910 ROW
100 _aLes Rowntree ; Martin Lewis ; Marie Price ; William Wyckoff
_99324
245 _aDiversity Amid Globalization
_hEnglish
250 _a1st
260 _aUSA
_bPrentice Hall
_c2000
300 _axxii 663 p.
500 _aGifted By AM Masood Akhtar
942 _acaenust
_cBK
_k910 ROW
_2ddc